00326 a2200097 4500001001000000005001700010008004100027245007900068100002300147773005800170ART_1075220260410161718.0260409a 10aDiversas cuestiones de la acción de amparo por mora en un fallo reciente1 aHalperin, David A.0 tDerecho administrativog- Nº 82 (ago. 2012)wREV1721